| 000 | 00665nam a2200205 a 4500 | ||
|---|---|---|---|
| 001 | BRCA_2933 | ||
| 005 | 20190320204032.0 | ||
| 008 | 151208c1912----mx-a---###---#000-0#eng-# | ||
| 050 | 4 |
_aHG2714 _b.A44 1912 |
|
| 100 | 1 |
_aAlfaro, Francisco _98158 |
|
| 245 | 1 | 0 |
_aArguments complement of the defense in the trial of Goerge I. Ham, former president of the United States Banking Company, S. A. _cby Lic. Francisco Alfaro. |
| 260 |
_aMéxico _bPopular _c1912 |
||
| 300 |
_a51 p. _bil. _c23 cm. |
||
| 500 | _aB72 | ||
| 600 | 1 | 4 |
_aHam, George _98159 |
| 650 | 1 | 4 |
_aFraudes _98160 |
| 650 | 1 | 4 |
_aBancos y operaciones bancarias _zMéxico _98161 |
| 902 | _aGFM | ||
| 942 |
_2lcc _cB |
||
| 999 |
_c2672 _d2672 |
||